| 000 | 00619cam a22002292a 4500 | ||
|---|---|---|---|
| 001 | 017933 | ||
| 003 | AR-FADEU | ||
| 008 | 311216n2003####xxu####################dd | ||
| 020 | _a0-521-00185-4 | ||
| 092 |
_a421.507 6 _bH234e |
||
| 100 | _aHancock, Mark | ||
| 245 | _aEnglish pronunciation in use | ||
| 260 | _aCambridge | ||
| 260 | _bCambridge University Press | ||
| 260 | _c2003 | ||
| 300 | _a200 p. : il. col. | ||
| 440 | _aSelf study and classroom use | ||
| 500 | _aLa Biblioteca posee Cassettes de Audio | ||
| 650 | _aINGLES-FONOLOGIA; PRONUNCIACION/REVISADO/ | ||
| 546 | _aInglés | ||
| 942 | _cBDGR | ||
| 999 |
_c23680 _d23680 |
||